000 00866cab a2200193 4500
001 ##L132759
008 060307n2006 000 0 eng u
035 _a(Sirsi) u132759
041 0 _aeng
245 0 0 _aKey data
_bglobal property markets
260 _c2006
490 0 _aEuroProperty
_vMarch 2006, 28(1)
520 _aFor the first time in a decade, asking rents for best space increased in all the 10 major global office markets last year. It was reported that London and Hong Kong were among the strongest office markets in the world, with significant increases in asking rent and declining vacancy rates. The article lists the top 10 ranking of prime office rents and the top 20 global office occupancy costs.
590 _aIKA140306
650 2 4 _aLONDON
650 2 4 _aHONG KONG
690 _aPROPERTY-COMMERCIAL PROPERTY-OFFICE PROPERTY
942 _n0
999 _c76610
_d76610